00669nam a2200205Ia 4500003000400000008004100004020002700045040000800072100001700080245008100097260002800178300001500206365001200221901002100233902004200254903003900296942001200335952009900347999001700446LDD181029s9999 xx 000 0 und d a9780415394482cP 85.00 cLDD aBurley Mikel 0aClassical samkhya and yoga An INdian Metaphysics of experiencecBurley Mikel aLondonbRoutledgec2006 axiv, 225p. bP 85.00 a6083b26-08-2010 aSA/D/183/2010b21-01-2011cFdS-AeIT aDiscount-15bReqst by : N S Kapoor 2ddccBK 00102ddc4070994850aLDDbLDDl0o181.41 B924Cp078185r2018-11-01v6186.30w2018-11-01yBK c94851d94851